| 000 | 02234nam a22002657a 4500 | ||
|---|---|---|---|
| 999 |
_c21943 _d21943 |
||
| 003 | AR-CdUCM | ||
| 008 | 190425b ||||| |||| 00| 0 spa d | ||
| 040 |
_aMUNICIPALIDAD PROVINCIAL DEL CUSCO _cBIBLIOTECA MUNICIPAL DEL CUSCO |
||
| 082 | _aRev.Anto/N°113/2008 | ||
| 110 |
_aUniversidad Nacional de San Antonio Abad del Cusco _915942 |
||
| 245 |
_aEl Antoniano : _bRevista científico cultural de la Universidad Nacional de San Antonio Abad del Cusco / _cHugo Bonet Rodríguez, director |
||
| 260 |
_aCusco : _bUNSAAC, _c2008. |
||
| 300 |
_a212 páginas. : _bilustraciones ; _c29 cm. |
||
| 440 |
_aEl Antononiano. _nAño 18, N°113, primer y segundo trimestre 2008. _946953 |
||
| 505 | _aContenido: El maíz recurso alimenticio. José Escalante. -- Nanotecnología. Abel Canal. -- Reflexiones sobre el sismo del 15 de agosto del 2007. -- La descodificación de los tocapus incas el caso de la llave inca y barthel´s N°16. Gail Silverman. -- Choqek´irao testimonio de alta ciencia andina. Armando Valenzuela. -- Proteger a los cóndores andinos. Miguel Ayala Silva León. -- El cuye en la cultura andina. Leandro Sanz. -- Barrio de Santa Ana dinámicas culturales. Florentino Champi. -- El movimiento moderno en el Cusco. Jorge Díaz. -- Los ejes hoteleros gemelos de la ciudad de Cusco. María Torres. -- Historia y memoria de la violencia de Haquira. Hernán Sullca. -- Música del altiplano. Jorge Flores Ochoa. -- Juan Bravo Vizcarra. Ángel Avendaño. -- Odi Gonzales, poesía. Miguel Paz. -- El tabaco y sus peligros. Oscar Valiente. -- Plaga de alcoholismo en el Cusco. Américo del Campo. -- El pensamiento mágico de los Machiguenga. Urbano López Romero. -- La ruta de la plata articulación y el circuito financiero de Cusco Siglo XVIII. Víctor Aguilar, Margareth Najarro. -- Sobre las piezas arqueológicas de Bingham se llevó. David Ugarte Vega Centeno. | ||
| 650 |
_aFolklore cusqueño _98693 |
||
| 650 |
_aIdentidad cultural _92943 |
||
| 650 |
_aInkas _91899 |
||
| 650 |
_aAntropología cusqueña _945862 |
||
| 700 |
_aFlores Ochoa, Jorge _92915 |
||
| 700 |
_aZegarra Balcázar, Jorge Miguel _946952 |
||
| 710 |
_aUniversidad Nacional de San Antonio Abad del Cusco _915942 |
||
| 942 |
_2ddc _cPP |
||
| 945 | _arac | ||